Marianela / (Registro nro. 9330)

Detalles MARC
000 -LEADER
fixed length control field 00749nam a22002537a 4500
001 - CONTROL NUMBER
control field 000589
003 - CONTROL NUMBER IDENTIFIER
control field DO-SdBNP
005 - DATE AND TIME OF LATEST TRANSACTION
control field 20180130114340.0
007 - PHYSICAL DESCRIPTION FIXED FIELD--GENERAL INFORMATION
fixed length control field 000589
008 - FIXED-LENGTH DATA ELEMENTS--GENERAL INFORMATION
fixed length control field 160318b2004 sp ||||| |||| 00| 0 spa d
020 ## - INTERNATIONAL STANDARD BOOK NUMBER
International Standard Book Number 8495311305
040 ## - CATALOGING SOURCE
Linkage BPMSU
Field link and sequence number spa
Original cataloging agency BPMSU
Transcribing agency rcl
100 1# - MAIN ENTRY--PERSONAL NAME
Personal name Pérez Galdós, Benito,
Dates associated with a name 1843-1920.
245 10 - TITLE STATEMENT
Title Marianela /
Statement of responsibility, etc. Benito Pérez Galdós.
250 ## - EDITION STATEMENT
Edition statement 3a. ed.
260 ## - PUBLICATION, DISTRIBUTION, ETC. (IMPRINT)
Place of publication, distribution, etc. Madrid:
Name of publisher, distributor, etc. Ediciones Escolares,
Date of publication, distribution, etc. 2004.
300 ## - PHYSICAL DESCRIPTION
Extent 187 p.
Dimensions 24 cm.
490 1# - SERIES STATEMENT
Series statement Clásicos universales. Mestas Ediciones
Volume/sequential designation 65
500 ## - GENERAL NOTE
Materials specified Edición integra
830 #0 - SERIES ADDED ENTRY--UNIFORM TITLE
Name of part/section of a work Clásicos universales. Mestas Ediciones
Volume number/sequential designation 65
942 ## - ADDED ENTRY ELEMENTS (KOHA)
Source of classification or shelving scheme Dewey Decimal Classification
Koha item type Libros
945 ## - LOCAL PROCESSING INFORMATION (OCLC)
a Inventariado, 2018 /LP
956 ## - LOCAL ELECTRONIC LOCATION AND ACCESS (OCLC)
Access method VMATEO
Materials specified 10
Linkage 20160318
Field link and sequence number BPMSU
Host name 00069
Existencias
Withdrawn status Lost status Source of classification or shelving scheme Damaged status Not for loan Collection code Home library Current library Date acquired Source of acquisition Total Checkouts Barcode Date last seen Price effective from Koha item type
    Dewey Decimal Classification     Colección General Biblioteca Pública Metropolitana Salomé Ureña Biblioteca Pública Metropolitana Salomé Ureña 03/18/2016 FUNDI   BPMSU16030208 03/18/2016 03/18/2016 Libros